000 00658nam a2200193 i 4500
001 142513
003 ES-MaACL
005 20250907063112.0
007 t|
008 071005s1973 sp |||| | spa d
100 1 _aVillalonga, Llorenç,
_d1897-1980
_9114975
245 1 0 _aLulú
_bo La princesa que sonreía a todas las coyunturas /
_cLorenzo Villalonga ; traducción del catalán por Johanna Givanel.
260 _aBarcelona :
_bPlaneta,
_c[1973]
300 _a201 p. ;
_c21 cm.
700 1 _aGivanel, Johanna.
_957379
740 3 2 _aLa princesa que sonreía a todas las coyunturas.
852 _aES-MaACL
_jC-56025
999 _c142513
_d142513